LEADER 01084nam a2200313 i 4500 001 991001189739707536 005 20020507184916.0 008 951127s1994 uk ||| | eng 020 $a0412542900 035 $ab10813275-39ule_inst 035 $aLE01308439$9ExL 040 $aDip.to Matematica$beng 082 0 $a519.4 084 $aAMS 58F05 084 $aAMS 65L 100 1 $aSanz-Serna, J. M.$060720 245 10$aNumerical Hamiltonian problems /$cJ. M. Sanz-Serna and M. P. Calvo 260 $aLondon :$bChapman & Hall,$c1994 300 $axii, 207 p. ;$c23 cm. 490 0 $aApplied mathematics and mathematical computation ;$v7 650 4$aHamiltonian systems 650 4$aOrdinary differential equations 700 1 $aCalvo, M. P. 907 $a.b10813275$b23-02-17$c28-06-02 912 $a991001189739707536 945 $aLE013 58F SAN11 (1994)$g1$i2013000040660$lle013$o-$pE0.00$q-$rl$s- $t0$u2$v2$w2$x0$y.i10918954$z28-06-02 996 $aNumerical Hamiltonian Problems$9376000 997 $aUNISALENTO 998 $ale013$b01-01-95$cm$da $e-$feng$guk $h0$i1